Responses for show #7678 - Wednesday, January 17, 2018

Gilbert Collins game 6.

Contestants

[<< previous game]

Lee Quinn, a teacher from Raleigh, North Carolina

Amanda Griggs, a librarian from Iron Mountain, Michigan

Gilbert Collins, a university administrator from Princeton, New Jersey (whose 5-day cash winnings total $84,201)

[next game >>]

Jeopardy! Round responses

(Alex: You get to join me in the Galapagos, as we deal with...)
GALAPAGOS ADAPTATION
FOOD STUFF
PRESIDENTIAL BURIAL PLACES
THE 1893 CHICAGO WORLD'S FAIR
ORIGINAL LINEUPS
THE "IS" STORM
    $200 26
camouflage

Amanda
    $200 1
(Amanda: What is the Arctic?)

the Atlantic

AmandaLee
    $200 16
Truman

Lee
    $200 21
electric lighting

Amanda
    $200 7
Pearl Jam

Lee
    $200 2
isotope

Gilbert
    $400 27
El Niño

Amanda
    $400 12
minced

Gilbert
    $400 17
Lyndon Johnson

Lee
    $400 22
a ferris wheel

Gilbert
    $400 8
the Supremes

Amanda
    $400 3
Isis

Lee
    $600 28
salt

Gilbert
    $600 13
Pillsbury

Gilbert
    $600 18
Gerald Ford

Lee
    $600 23
Independence Hall

Gilbert
    $600 9
Aerosmith

Lee
    $600 4
isolationist

Gilbert
    $800 29
On the Origin of Species

Gilbert
    $800 14
a tuna noodle casserole

Triple Stumper
    $800 19
Eisenhower

Lee
    $800 24
Pabst Blue Ribbon

Lee
    $800 10
the Go-Go's

Amanda
    $1,000 5
isosceles

Gilbert
    $1000 30
(Alex: I do want to take a moment to thank Lindblad Expeditions and National Geographic for all of their great help in the Galápagos Islands while we were recording clues.)

the blue-footed booby

Amanda
    $1000 15
endive

Lee
    $1000 20
[Applause for Lee running the category.]

Martin Van Buren

Lee
    $1000 25
The Devil in the White City

Amanda
    $1000 11
INXS

Lee
    $1000 6
isobaric (or isobar)

Gilbert

Scores at the first commercial break (after clue 15):

Gilbert Amanda Lee
$3,800 $1,000 $3,400

Scores at the end of the Jeopardy! Round:

Gilbert Amanda Lee
$6,200 $3,800 $7,200

Double Jeopardy! Round responses

A BANNER YEAR
DICTIONARY DEFINITIONS
FORBES WEALTHIEST FAMILIES IN THE U.S.
WORLD CAPITALS
THE TV DEVIL
IN THE "D" TALES
    $400 9
2016

Lee
    $400 23
i and j

Lee
    $400 19
(Gilbert: What is Dow?)

DuPont

GilbertAmanda
    $400 2
(Lee: What is Portugal?)

Lisbon

AmandaLee
    $400 1
Lucifer

Gilbert
    $400 14
the Divine Comedy

Lee
    $800 10
(Alex: Liberation of Paris.)

1944

Lee
    $800 24
Sanskrit

Gilbert
    $800 22
(Gilbert: What is Heinz?)

the Mellon family

Gilbert
Triple Stumper
    $800 5
(Lee: What is Vienna?)
(Amanda: What is Berlin?)

Bern, Switzerland

AmandaLee
Triple Stumper
    $800 3
a donut

Amanda
    $4,000 15
Don Quixote (de la Mancha)

Lee
    $1200 11
(Alex: Fall of the Berlin Wall.)

1989

Lee
    $1200 25
umlaut

Gilbert
    $1200 28
Gallo

Lee
    $4,000 6
(Gilbert: What is... Santiago?)
...
(Alex: Capital of Uruguay.)

Montevideo

Gilbert
    $1200 4
South Park

Gilbert
    $1200 16
Dune

Gilbert
    $1600 12
1965

Lee
    $1600 26
an infinitive

Lee
    $1600 29
Estee Lauder

Lee
    $1600 7
Malta

Gilbert
    $1600 20
Reaper

Triple Stumper
    $1600 17
Death in Venice

Triple Stumper
    $2000 13
(Alex: Prague Spring.)
[Applause for Lee running the category.]

1968

Lee
    $2000 27
a schwa

Triple Stumper
    $2000 30
the Pritzker family

Triple Stumper
    $2000 8
(Alex: In Kenya.)

Nairobi

Gilbert
    $2000 21
Supernatural

Amanda
    $2000 18
Daniel Deronda

Triple Stumper

Scores at the end of the Double Jeopardy! Round:

Gilbert Amanda Lee
$9,400 $6,600 $21,200
(lock game)

[wagering suggestions for these scores]

Final Jeopardy! Round responses

SPECIAL DAYS
AmandaWhat is Armed servicemen?
$6,000
GilbertWhat is Armistice
$3,801
LeeWhat is Armistice?
$1,200
armistice

Final scores:

Gilbert Amanda Lee
$13,201 $600 $22,400
2nd place: $2,000 3rd place: $1,000 New champion: $22,400

Game dynamics:

Coryat scores:

Gilbert Amanda Lee
$13,200 $6,600 $18,000
17 R
(including 1 DD),
3 W
(including 1 DD)
11 R,
2 W
23 R
(including 1 DD),
2 W

Combined Coryat: $37,800

The J! Archive is created by fans, for fans. The Jeopardy! game show and all elements thereof, including but not limited to copyright and trademark thereto, are the property of Jeopardy Productions, Inc. and are protected under law. This website is not affiliated with, sponsored by, or operated by Jeopardy Productions, Inc. Join the discussion at JBoard.tv.